000 00835cam a2200301 4500500
005 20260405002039.0
041 _afre
042 _adc
100 1 0 _aLacroix, Alexandre
_eauthor
245 0 0 _aRésonances / septembre 2015
260 _c2015.
500 _a95
690 _aAllemagne
690 _aAllocation universelle
690 _aAngela Merkel
690 _aBaiser
690 _aClimat
690 _aElizabeth Kolbert
690 _aEthnologie
690 _aGrèce
690 _aHollywood
690 _aPeter Sloterdijk
690 _aPhilippe Van Parijs
690 _aRussie
690 _aVladimir Poutine
786 0 _nPhilosophie magazine | 92 | 9 | 2015-09-01 | p. 12-12 | 1951-1787
856 4 1 _uhttps://shs.cairn.info/magazine-philosophie-magazine-2015-9-page-12?lang=fr&redirect-ssocas=7080
999 _c2053664
_d2053664